• 首页
  • 本馆介绍
  • 公告通知
  • 最新文献
  • 馆藏检索
  • 电子资源
  • 读者导购
  • 参考咨询
  • 我的图书馆
  • 登录
  • 详细信息显示
  • 放入我的书架
  • 预约/预借图书
  • 作者相关作品
  • 分类相关作品
  • 丛书相关作品
  • 出版社相关作品

书目信息

  • 表格格式
  • 工作单格式
  • 卡片格式
题名:
杨宝森唱腔选
    
 
作者: 许锦文 选编记谱
分册:  
出版信息: 上海   上海文艺出版社  1982
页数: 397页
开本: 19cm
丛书名:
单 册:
中图分类: J642.41
科图分类:
主题词: 京剧-唱腔--选集 , 唱腔-京剧--选集
电子资源:
ISBN:
000 00665nam0 2200241 45
001 0182007684
005 20060914083358.76
010    @dCNY0.97
091    @aCN@b8078.3276
100    @a19950608d1982 em y0chiy0121 ea
101 0  @achi
102    @aCN@b310000
105    @afg z 000yy
200 10 @a杨宝森唱腔选@Ayang bao sen chang qiang xuan@e京剧@f许锦文选编、记谱
210    @a上海@c上海文艺出版社@d1982
215    @a397页@c剧照@d19cm
606    @a京剧-唱腔@x选集
606    @a唱腔-京剧@x选集
690    @aJ642.41@v3
701  0 @a许锦文@Axu jin wen@4选编记谱
801  0 @aCN@bTSSF@c20060914
801  2 @aCN@bNLC@c20060819
905    @a10447@dJ642.41@e198
    
    杨宝森唱腔选:京剧/许锦文选编、记谱.-上海:上海文艺出版社,1982
    397页:剧照;19cm
    
    
    ISBN :CNY0.97
    
●
相关链接 在E读中查询图书 在五车中查询图书 在当当中查询图书 在豆瓣中查询图书


正题名:杨宝森唱腔选     索取号:J642.41/198         预约/预借

序号 登录号 条形码 馆藏地/架位号 状态 备注
1 0467032   204670329   密集书库/ [索取号:J642.41/198] 在馆    
2 0473295   204732959   密集书库/ [索取号:J642.41/198] 在馆    
唐山师范学院图书馆 欢迎您!
大连网信软件有限公司© 版权所有